| 000 | 02211nam a22002537a 4500 | ||
|---|---|---|---|
| 003 | MN-UlNLM | ||
| 005 | 20250129154545.0 | ||
| 008 | 250129s1982 rur||||| |||| 00| 0 rus d | ||
| 040 |
_aUB01000001 _bmon _cMN-UlNLM _dMN-UlNLM _erda |
||
| 041 | 0 | _arus | |
| 084 |
_210-t _a75 _bР 42 _q85 |
||
| 100 | 1 |
_aРерих, Ю.Н. _eЗохиолч |
|
| 245 | 1 |
_aПо тропам срединной азии _cРедактор: В.С. Шевченко |
|
| 264 | 1 |
_aМосква _bХабаровск:Кн.изд _c1982 |
|
| 300 | _a304 хуудастай | ||
| 505 |
_tАкадемик А.П. Окладников, В.Е. Ларичев. Предисловие-5-- _tВ.Е. Ларичев. Слово о Юрии Николаевикче Рерих-11-- _tОт автора-29-- _tКашмир-Ладак-31-- _tИз Леха в Хотан. Великий каракорумский путь-46-- _tУрумчи и Джунгария-96-- _tХотан-61-- _tХотан-Кашгар-75-- _tВеликий северный путь в Урумчи-84-- _tМонголия-103-- _tПодготовка к путешествию-121-- _tУлан-Батор-Юм-бэйсэ-126-- _tПо юго-западной Гоби-137-- _tВоинственный Джа-лама-148-- _tСреди цайдамских монголов-156-- _tЧерез Цайдам-168-- _tВеликое Тибетское нагорье-176-- |
||
| 520 | _aПервая публикацияя на русском языке путевых записок Ю.Н. Рериха, участника Центральнозиатской экспедиции (1923-1928) выдающегося русского художника Н.К. Рериха. Книга Ю. Н. Рериха хорошо дополняет книгу его отца <<Алтай-Гималаи>> изданную в Москве в 1974 г., а также <<Из литературного наследия>> (М.,1974). | ||
| 546 |
_arus _bКирилл |
||
| 650 | 4 | _aУрлаг (Уран зураг) | |
| 651 | 4 | _aМосква (Орос) | |
| 880 | 1 |
_6245-01(N _aPo tropam sredinnoi azii _cRedaktor: V.S. Shevchenko |
|
| 880 | 1 |
_6264-02(N _aMoskva _bKhabarovsk _c1982 |
|
| 942 |
_210-t _cBK |
||
| 999 |
_c1155335 _d1155392 |
||